Statistics for NBA 2K Covers

Click here to take the quiz!

General Stats

  • This quiz has been taken 666 times
  • The average score is 10 of 16

Answer Stats

YearAnswer% Correct
2K2Allen Iverson
88%
2K3Allen Iverson
88%
2K4Allen Iverson
88%
2K16Stephen Curry, Anthony Davis, James Harden
78%
2K8Chris Paul
70%
2K10Kobe Bryant
70%
2K14LeBron James
68%
2K6Shaquille O'Neal
64%
2K7Shaquille O'Neal
64%
2K9Kevin Garnett
58%
2K13Kevin Durant, Blake Griffin, Derrick Rose
57%
2K15Kevin Durant
52%
2K17Paul George
52%
2K11Michael Jordan
49%
2K5Ben Wallace
38%
2K12Michael Jordan, Larry Bird, Magic Johnson
36%

Score Distribution

Percentile by Number Answered

Percent of People with Each Score

Your Score History

You have not taken this quiz